banner-ar

INTERNATIONAL POLITICAL ECONOMY : (Record no. 194)

MARC details
000 -الفاتح
حقل البيانات ثابتة الطول 00710nam a2200229Ia 4500
008 - عناصر البيانات ثابتة الطول - معلومات عامة
حقل البيانات ثابتة الطول 140319s9999 xx 000 0 eng d
020 ## - الرقم الدولى المعيارى للكتب
الرقم الدولى المعيارى للكتاب 0333646258
040 ## - مصدر الفهرسة
وكالة الفهرسة الأصلية GCL /
وكالة النسخ GCL
082 04 - رقم تصنيف ديوى العشرى
رقم التصنيف 332.042
رقم المادة G I
100 1# - المدخل الرئيسى - إسم شخصى
الإسم الشخصى GODDARD, ROE C.
245 10 - بيان العنوان
العنوان INTERNATIONAL POLITICAL ECONOMY :
بقية العنوان STATE - MARKET RELATIONS IN THE CHANGING GLOBAL ORDER /
بيان المسئوليه,etc GODDARD, ROE C.
700 1# - المدخل الاضافى - اسم شخصى
الإسم الشخصى PASSE - SMITH, JOHN T.
700 1# - المدخل الاضافى - اسم شخصى
الإسم الشخصى CONKLIN, JOHN G.
260 ## - PUBLICATION, DISTRIBUTION, ETC. (IMPRINT)
تاريخ النشر أو التوزيع 1996
300 ## - الوصف المادى
التعداد 22 CM ؛
أبعاد الوعاء X,545 P
490 ## - بيان السلسلة
عنوان السلسلة NONE
رقم المجلد/ التعيين التسلسلي 0
650 04 - المدخل الاضافى بالموضوع-مصطلح موضوعى
مصطلح موضوعي INTERNATIONAL FINANCE
650 04 - المدخل الاضافى بالموضوع-مصطلح موضوعى
مصطلح موضوعي INTERNATIONAL ECONOMIC RELATIONS
650 04 - المدخل الاضافى بالموضوع-مصطلح موضوعى
مصطلح موضوعي ECONOMIC ASSISTANCE
942 ## - عناصر المدخل الإضافي( كوها)
مصدر التصنيف او مخطط الترفيف Dewey Decimal Classification
Koha [default] item type كتاب
260 ## - PUBLICATION, DISTRIBUTION, ETC. (IMPRINT)
-- انجلترا :
-- LYNNE RIENNER PUBLISHERS ،
Holdings
حالة التراجع حالة الفقد حالة تلف ليس للاعارة المكان المؤقت الموقع الحالى تاريخ الاكتساب اجمالي اﻻعارات رقم الطلب الباركود تاريخ اخر مشاهدة تاريخ تفعيل السعر نوع وعاء كوها
        مكتبة القاهرة الكبرى مكتبة القاهرة الكبرى 03/26/2014   332.042\G I 517 03/26/2014 03/26/2014 كتاب
        مكتبة القاهرة الكبرى مكتبة القاهرة الكبرى 03/26/2014   332.042\G I 518 03/26/2014 03/26/2014 كتاب

Powered By

EGPV